000 00797nam a22002057a 4500
999 _c11326
_d11326
003 AR-CdUCM
008 190403b ||||| |||| 00| 0 spa d
040 _aMUNICIPALIDAD PROVINCIAL DEL CUSCO
_cBIBLIOTECA MUNICIPAL DEL CUSCO
082 _a780.4 /
_bL52 / 1941
100 _aLeuchter, Erwin
_928644
245 _aLa historia de la música :
_bComo reflejo de la evolución cultural /
260 _aRosario :
_bDirección municipal de cultura,
_c1941.
300 _a213 páginas ;
_c23 cm.
505 _aContenido : El nacimiento de la música artística europea -- El nacimiento de la polifonía -- La polifonía en el renacimiento -- El nacimiento de la ópera ...
650 _aHistoria
_9136
650 _aMúsica
_91443
650 _aCultura
_9126
942 _2ddc
_cLIBROS
945 _arah